00920nam a2200229 a 4500001001000000003000500010005001700015008004100032010001100073011001100084040000900095100002300104245015300127260004100280500006000321502010200381650003400483650004600517650003500563650002200598856007000620000112537CHAP20220329144311.0160613s2016 mx sm |||||||spa d a108998 a109970 cCHAP1 aTorres Lamas, Paul10aEstrategias para el balance de oferta y demanda del arroz (Orysa Zativa) en México en el período 2005-2014h[En línea]cpor Paul Torres Lamas. aChapingo, Méx. :bEl autor,c2016. aPara ver el contenido del material haga clic en la liga aTesis (Ing. en Economía Agrícola) -- UACH. División de Ciencias Económico Administrativas14aArrozxAspectos económicos.14aArrozxCultivoxEstudios de factibilidad.14aArrozxProducciónzMéxico.14aOferta y demanda. aFinding aiduhttp://10.13.5.2/tesis/sist112537.pdfzTeclea aquí